|
|
|
|
| LEADER |
00000nam a2200000Ii 4500 |
| 001 |
DIGEDUNAV0041 |
| 003 |
NyNyDIG |
| 006 |
m o d |
| 007 |
cr ||||||||||| |
| 008 |
220607s2009 sp ob 000 0 spa d |
| 035 |
|
|
|a (OCoLC)1333701884
|
| 040 |
|
|
|a DGITA
|b eng
|e rda
|e pn
|c DGITA
|
| 020 |
|
|
|z 9788431323097
|
| 050 |
1 |
4 |
|a HD57.7 ebook
|
| 100 |
1 |
|
|a Cardona, Pablo,
|d 1964-
|e author.
|
| 245 |
1 |
0 |
|a Cómo desarrollar las competencias de liderazgo /
|c Pablo Cardona, Pilar García-Lombardía.
|
| 264 |
|
1 |
|a Pamplona, España :
|b EUNSA, Ediciones Universidad de Navarra,
|c [2009]
|
| 300 |
|
|
|a 1 online resource.
|
| 336 |
|
|
|a text
|b txt
|2 rdacontent
|
| 337 |
|
|
|a computer
|b c
|2 rdamedia
|
| 338 |
|
|
|a online resource
|b cr
|2 rdacarrier
|
| 347 |
|
|
|a text file
|2 rdaft
|
| 347 |
|
|
|b PDF
|
| 490 |
1 |
|
|a Libros IESE
|
| 500 |
|
|
|a "IESE Business School"--Cover.
|
| 504 |
|
|
|a Includes bibliographical references.
|
| 588 |
0 |
|
|a Online resource; title from PDF title page (Digitalia, viewed June 7, 2022)
|
| 650 |
|
0 |
|a Leadership.
|
| 650 |
|
0 |
|a Industrial management.
|
| 655 |
|
0 |
|a Electronic books.
|
| 700 |
1 |
|
|a García-Lombardía, Pilar,
|e author.
|
| 791 |
2 |
|
|a Digitalia (Firm),
|e distributor.
|
| 793 |
0 |
|
|g Digitalia eBook Collection:
|a Ediciones Universidad de Navarra
|
| 776 |
0 |
8 |
|i Print version:
|a Cardona, Pablo, 1964-
|t Cómo desarrollar las competencias de liderazgo.
|b Cuarta edición.
|d Pamplona, España : EUNSA, Ediciones Universidad de Navarra, [2009]
|z 9788431323097
|
| 830 |
|
0 |
|a Libros IESE.
|
| 856 |
4 |
0 |
|3 Digitalia Hispánica
|u https://www.digitaliapublishing.com/a/51344/
|
| 910 |
|
|
|a Premium collection: 2022
|